Web sales ruling blocked (Record no. 65891)
[ view plain ]
| 000 -LEADER | |
|---|---|
| fixed length control field | 01003cam a2200205 4500 |
| 001 - CONTROL NUMBER | |
| control field | WB3704-01 |
| 008 - FIXED-LENGTH DATA ELEMENTS--GENERAL INFORMATION | |
| fixed length control field | 000000n2001 000 0 eng u |
| 035 ## - SYSTEM CONTROL NUMBER | |
| System control number | (Sirsi) u110536 |
| 245 ## - TITLE STATEMENT | |
| Title | Web sales ruling blocked |
| 260 ## - PUBLICATION, DISTRIBUTION, ETC. | |
| Date of publication, distribution, etc. | 2001 |
| 490 ## - SERIES STATEMENT | |
| Series statement | Antiques Trade Gazette |
| Volume/sequential designation | (1472) 20 January 2001, 1&2(1) |
| 520 ## - SUMMARY, ETC. | |
| Summary, etc. | Hopes of clarifying ownership rights over items sold at auction on the Internet have been dashed with the settling out of court of a potentially precedent-setting case. The dispute concerned when a buyer at auction on the Internet can safely consider themselves to be the rightful owner of the item sold. In this case the judge would have had to rule on exactly when title passes to the buyer at auction on the Internet, especially as this has implications for 'back-to-back' sales. |
| 590 ## - LOCAL NOTE (RLIN) | |
| Local note | WB |
| 650 ## - SUBJECT ADDED ENTRY--TOPICAL TERM | |
| Topical term or geographic name entry element | INTERNET AUCTIONS |
| 650 ## - SUBJECT ADDED ENTRY--TOPICAL TERM | |
| Topical term or geographic name entry element | INTERNET TRADING |
| 650 ## - SUBJECT ADDED ENTRY--TOPICAL TERM | |
| Topical term or geographic name entry element | TITLE TO PROPERTY |
| 650 ## - SUBJECT ADDED ENTRY--TOPICAL TERM | |
| Topical term or geographic name entry element | RIGHT TO TITLE |
| 690 ## - LOCAL SUBJECT ADDED ENTRY--TOPICAL TERM (OCLC, RLIN) | |
| Topical term or geographic name as entry element | Arts and antiques |
| 9 (RLIN) | 6217 |
| 942 ## - ADDED ENTRY ELEMENTS (KOHA) | |
| Suppress in OPAC | 0 |
| Withdrawn status | Lost status | Source of classification or shelving scheme | Damaged status | Not for loan | Home library | Current library | Shelving location | Date acquired | Total Checkouts | Full call number | Barcode | Date last seen | Copy number | Price effective from | Koha item type |
|---|---|---|---|---|---|---|---|---|---|---|---|---|---|---|---|
| Dewey Decimal Classification | London | London | News article | 25/01/2001 | WB3704-01 | 110536-1001 | 06/08/2019 | 1 | 06/08/2019 | News article |